Liderazgo Directivo en la Gestión de Calidad de los Centros Educativos Juan Francisco Adames Abreu, Juan Sánchez Ramírez y Juan Ricardo Hernández del Distrito 16-01, Año Escolar 2018-2019. (Record no. 11)

MARC details
000 -LEADER
campo de control de longitud fija 01438nam a2200505Ia 4500
001 - NÚMERO DE CONTROL
campo de control 7857
008 - DATOS DE LONGITUD FIJA--INFORMACIÓN GENERAL
campo de control de longitud fija 241029s9999 xx 000 0 und d
010 ## - NÚMERO DE CONTROL DE LA BIBLIOTECA DEL CONGRESO
Número de control de LC 11
041 ## - CÓDIGO DE IDIOMA
Código de lengua del texto/banda sonora o título independiente Español
082 ## - NÚMERO DE LA CLASIFICACIÓN DECIMAL DEWEY
Número de clasificación NO APLICA
245 #0 - MENCIÓN DEL TÍTULO
Título Liderazgo Directivo en la Gestión de Calidad de los Centros Educativos Juan Francisco Adames Abreu, Juan Sánchez Ramírez y Juan Ricardo Hernández del Distrito 16-01, Año Escolar 2018-2019.
260 ## - PUBLICACIÓN, DISTRIBUCIÓN, ETC.
Lugar de publicación, distribución, etc. Sánchez Ramírez
300 ## - DESCRIPCIÓN FÍSICA
Extensión 78
520 ## - RESUMEN, ETC.
Sumario, etc. 74
650 ## - PUNTO DE ACCESO ADICIONAL DE MATERIA--TÉRMINO DE MATERIA
Término de materia o nombre geográfico como elemento de entrada Liderazgo
690 ## - PUNTO DE ACCESO ADICIONAL DE MATERIA LOCAL--TÉRMINO DE MATERIA (OCLC, RLIN)
Término de materia o nombre geográfico como elemento inicial NULL
700 ## - ENTRADA AGREGADA--NOMBRE PERSONAL
Término indicativo de función/relación asesor
Nombre de persona Santana de la Rosa, Rafael
700 ## - ENTRADA AGREGADA--NOMBRE PERSONAL
Término indicativo de función/relación autor
Nombre de persona Mejía Jiménez , Juana Marisol
700 ## - ENTRADA AGREGADA--NOMBRE PERSONAL
Término indicativo de función/relación autor
Nombre de persona Mejía Jiménez, Victoria
901 ## - ELEMENTOS DE DATOS A LOCAL LDA (RLIN)
a {"1":"Mejía Jiménez ","2":"Mejía Jiménez"}
b {"1":"Juana Marisol ","2":"Victoria "}
902 ## - ELEMENTOS DE DATOS B LOCAL, LDB (RLIN)
a 1
903 ## - ELEMENTOS DE DATOS C LOCAL, LDC (RLIN)
a {"1":"Santana de la Rosa"}
b {"1":"Rafael "}
904 ## - ELEMENTOS DE DATOS D LOCAL, LDD (RLIN)
a Maestría en
905 ## - ELEMENTOS DE DATOS E LOCAL, LDE (RLIN)
a Gestión de Centros Educativos
906 ## - ELEMENTOS DE DATOS F LOCAL, LDF (RLIN)
a 2
907 ## - ELEMENTOS DE DATOS G LOCAL, LDG (RLIN)
a NO APLICA
908 ## - COLOCAR PARÁMETRO DE COMANDO (RLIN)
Colocar parámetro de comando NO APLICA
909 ## -
-- Instituto Tecnológico del Cibao Oriental (ITECO)
910 ## - DATOS DE OPCIÓN DEL USUARIO (OCLC)
Datos de opción del usuario NULL
-- NULL
911 ## - EQUIVALENCIA O REFERENCIA-CRUZADA-NOMBRE DE CONFERENCIA O REUNIÓN/CONGRESO [LOCAL, CANADÁ]
Nombre de congreso/reunión o jurisdicción como elemento de entrada ["1"]
912 ## -
-- NO APLICA
913 ## -
-- NULL
914 ## -
-- 01 de Enero de 2019
915 ## -
-- NULL
916 ## -
-- NULL
917 ## -
-- NULL
918 ## -
-- NO APLICA
919 ## -
-- null
921 ## -
-- 72
922 ## -
-- 72
923 ## -
-- 1
924 ## -
-- 20191228010317
942 ## - ELEMENTOS DE ENTRADA SECUNDARIOS (KOHA)
Tipo de ítem Koha

No items available.

© 2024. Todos los Derechos Reservados. Desarrollado por IDEICE